|
|
|
|
| LEADER |
02577nam a22004454a 4500 |
| 001 |
EBC3338595 |
| 003 |
MiAaPQ |
| 005 |
20200520144314.0 |
| 006 |
m o d | |
| 007 |
cr cn||||||||| |
| 008 |
060215s2006 maua sb 001 0 eng |
| 010 |
|
|
|z 2006042010
|
| 015 |
|
|
|a GBA631411
|2 bnb
|
| 016 |
7 |
|
|z 013425959
|2 Uk
|
| 020 |
|
|
|z 0262050811 (alk. paper)
|
| 035 |
|
|
|a (MiAaPQ)EBC3338595
|
| 035 |
|
|
|a (Au-PeEL)EBL3338595
|
| 035 |
|
|
|a (CaPaEBR)ebr10173653
|
| 035 |
|
|
|a (CaONFJC)MIL209788
|
| 035 |
|
|
|a (OCoLC)145138489
|
| 040 |
|
|
|a MiAaPQ
|c MiAaPQ
|d MiAaPQ
|
| 050 |
|
4 |
|a HD75
|b .I57 2006
|
| 082 |
0 |
4 |
|a 338.9
|2 22
|
| 084 |
|
|
|a 83.15
|2 bcl
|
| 245 |
0 |
0 |
|a Institutions, development, and economic growth
|h [electronic resource] /
|c Theo S. Eicher and Cecilia Garcia-Penalosa, editors.
|
| 260 |
|
|
|a Cambridge, Mass. :
|b MIT Press,
|c c2006.
|
| 300 |
|
|
|a xiv, 293 p. :
|b ill.
|
| 490 |
1 |
|
|a CESifo seminar series
|
| 504 |
|
|
|a Includes bibliographical references and index.
|
| 505 |
0 |
0 |
|t On institutions and growth /
|r Philippe Aghion --
|t Financial institutional reform, growth, and equality /
|r Costas Azariadis, David de la Croix --
|t How do institutions lead some countries to produce so much more output per worker than others? /
|r Theo S. Eicher, Cecilia Garcia-Penalosa, Utku Teksoz --
|t Regulation and economic performance : product market reforms and productivity in the OECD /
|r Giuseppe Nicoletti, Stefano Scarpetta --
|t Institutions and technological innovation during early economic growth : evidence from great inventors in the United States, 1790-1930 /
|r B. Zorina Khan, Kenneth L. Sokoloff --
|t On the efficacy of reforms : policy tinkering, institutional change, and entrepreneurship /
|r Murat Iyigun, Dani Rodrik --
|g The
|t role of higher education institutions : recruitment of elites and economic growth /
|r Elise S. Brezis, Francois Crouzet --
|t Growth and endogenous political institutions /
|r Matteo Cervellati, Piergiuseppe Fortunato, Uwe Sunde --
|g The
|t road from agriculture /
|r Thorvaldur Gylfason, Gylfi Zoega.
|
| 533 |
|
|
|a Electronic reproduction. Ann Arbor, MI : ProQuest, 2015. Available via World Wide Web. Access may be limited to ProQuest affiliated libraries.
|
| 650 |
|
0 |
|a Economic development.
|
| 650 |
|
0 |
|a Economic policy.
|
| 650 |
|
0 |
|a Social institutions.
|
| 655 |
|
4 |
|a Electronic books.
|
| 700 |
1 |
|
|a Eicher, Theo S.
|
| 700 |
1 |
|
|a Garcia-Penalosa, Cecilia.
|
| 710 |
2 |
|
|a ProQuest (Firm)
|
| 830 |
|
0 |
|a CESifo seminar series.
|
| 856 |
4 |
0 |
|u https://ebookcentral.proquest.com/lib/matrademy/detail.action?docID=3338595
|z Click to View
|